Green Day Lyrics - Smash It Like Belushi - Statistics

General Stats
  • This quiz has been taken 20 times
  • The average score is 146 of 268
Answer Stats
Smash It Like Belushi % Correct
I
100%
it
100%
it!
100%
like
100%
Smash
100%
a
93%
Belushi,
93%
Belushi
93%
from
73%
the
73%
yeah
73%
go!
67%
in
67%
my
67%
to
67%
closet
60%
clothes
60%
dead
60%
got
60%
oh
60%
today
60%
When
60%
Feeling
53%
man's
53%
on
53%
We
53%
ah
47%
ah-
47%
and
47%
I'm
47%
no!
47%
head
40%
keep
40%
melee
40%
window,
40%
Everybody
33%
fire
33%
front
33%
happy
33%
hell
33%
Kicking
33%
Living
33%
lose
33%
love
33%
motion
33%
Murder
33%
out
33%
panic,
33%
riot,
33%
rise
33%
row
33%
you're
33%
ammo
27%
automatic,
27%
before
27%
call
27%
Doing
27%
ghost
27%
guns
27%
hanging
27%
Just
27%
Looking
27%
low
27%
peace,
27%
runnin'
27%
Screaming
27%
Semi-
27%
silence,
27%
Smashing
27%
swinging
27%
town
27%
trigger
27%
truckin'
27%
violence
27%
Watusi,
27%
Bankrupt
20%
crawl
20%
Hiding
20%
how
20%
learning
20%
let's
20%
Reading
20%
show,
20%
side
20%
Stranded
20%
breakdown,
13%
mire
13%
Vallejo,
13%
No matching quizzes found
Score Distribution
Percent of People with Each Score
Percentile by Number Answered
Your Score History
You have not taken this quiz